000 00722nam a2200289Ia 4500
005 20260324121905.0
008 008 260324s9999 xx 000 0 eng d
020 _a9780429476778
037 _aEBOOK
040 _aCRL
040 _beng
040 _cCRL
041 _2eng
041 _aeng
084 _qCRL
100 _aDavid Bell; Aleksandra Novakovic
_91164279
245 0 _aLiving on the Border
245 0 _bPsychotic Processes in the Individual, the Couple, and the Group
260 _bTaylor and Francis
260 _c2013
365 _a
365 _b205
856 _uhttp://www.taylorfrancis.com/books/9780429476778
942 _cEBOOK
999 _c1756658
_d1756658